00507 2200193 4500001002100000005001500021008004100036020001800077035001900095041000700114082001000121090001600131100001100147245007100158250001200229260003100241300002200272650001900294INLIS00000000001178920241224114239241224||||||||| | ||| |||| || |  a979-3288-06-x 0010-1224011789 aid0 a616.8 a616.8 RAS s0 aRasmun00aStres, koping dan adaptasi teori dan dan pohon masalah keperawatan aPertama aJakartabSagung Setoc2004 a105hlmn,; 14x19cm 0aILMU KESEHATAN